000 00696nam a2200241Ia 4500
003 OSt
005 20220918180806.0
006 a|||||r|||| 00| 0
007 ta
008 220917b |||||||| |||| 00| 0 eng d
024 _a24,155
037 _cTextual
040 _aARTS
_cARTS
_beng
041 _2eng
_aeng
082 _aO111:gK, M1
100 _aHuntley Frank Livingstone
_957101
245 0 _aEssays in persuasion
_b on seventeenth century english literature
260 _aChicago
_bUniv Of Chicago Press
_c1981
300 _axi,162p.
_ccm.
650 _aENGLISH LITERATURE
942 _hO111:gK, M1
_cTEXL
_2CC
999 _c163138
_d163138